000 00470nam a2200181Ia 4500
008 090124s9999 xx 000 0 und d
082 _b33666
100 _aबगे आशा
245 _a झुंबर
250 _a2
260 _bमॅजेस्टिक प्रकाशन
_c1996
300 _a151
600 _aबगे आशा
630 _a झुंबर
700 _aबगे आशा
730 _a झुंबर
942 _cBOOK
999 _c106110
_d106110